| 000 | 00506nam a2200193 a 4500 | ||
|---|---|---|---|
| 001 | 13570 | ||
| 003 | CO-ViMGA | ||
| 008 | 141112s2004 ck r 000 u spa d | ||
| 020 | _a9589575048 | ||
| 040 |
_aCO-ViMGA _bspa _cCO-ViMGA |
||
| 082 | 0 | 4 | _a291.43 G155t |
| 100 | 1 |
_aGallo G, Gonzalo _919777 |
|
| 245 | 1 | 0 | _aTu espiritu en frecuencia modulada |
| 260 |
_aSantafé de Bogotá; Carvajal, _c1999 |
||
| 300 | _a303 | ||
| 650 | 1 | 4 |
_aMEDITACIONES _914983 |
| 650 | 1 | 4 |
_aVIDA ESPRITUAL _919778 |
| 942 |
_2ddc _cBK |
||
| 999 |
_c24294 _d24294 |
||